000 02446ngm a22004930a 4500
001 PT39874
003 AR-LpoUNG
005 20210201235843.0
007 vd cvaizq
008 191001s2003||||ag |||||||||||||||||spa d
037 _c$1.12
040 _aAR-LpoUNG
_bspa
_cAR-LpoUNG
_eaacr
041 _aspa
044 _aag
082 0 _a305.569 118car
100 1 _aCacopardo, Ana
_edir.
245 1 0 _aCartoneros de Villa Itatí
260 _aBuenos Aires :
_bMiradas al sur,
_c2003.
300 _aDVD (47 min.) : son., col.
505 0 _aHecha entre 2002 y 2003 en Argentina.
520 _aCartoneros de Villa Itatí se desarrolla en Villa Itatí, un asentamiento ubicado a pocos kilómetros de Buenos Aires, donde alrededor de 45.000 personas viven en condiciones de extrema pobreza. En un contexto de creciente desocupación, prácticamente la única actividad económica de la villa la desarrollan los cartoneros a través de la recolección y venta de cartón, chapa, vidrio y plástico. Hombres, mujeres y niños subsisten de esta forma. Recorren con sus carros los centros urbanos, revisan la basura y seleccionan el material reciclable. Con suerte, ganarán por día el equivalente a 3 o 4 dólares. El documental describe la experiencia de la Asociación de Cartoneros de Villa Itatí, una organización nacida cuando los cartoneros de este asentamiento resolvieron agruparse para hacer frente al peor momento de la crisis argentina. El documental describe la rutina de trabajo de los cartoneros, sus historias personales y sus luchas para afianzarse como organización. Luis, cartonero y dirigente de la Asociación, lee su diario personal y de esta forma presenta un mosaico de historias y propone un singular recorrido por Villa Itatí.
650 4 _aABSOLUTA POBREZA
650 4 _aAREAS SUBURBANAS
650 4 _aARGENTINA
650 4 _aCONDICIONES SOCIALES
650 4 _aCRISIS SOCIAL
650 4 _aDESEMPLEO
650 4 _aDESEMPLEO ESTRUCTURAL
650 4 _aPROBLEMAS SOCIALES
650 4 _aRECESION ECONOMICA
650 4 _aRECICLAJE DE DESPERDICIOS
650 4 _aTRABAJO MARGINAL
653 _aCARTONEROS
653 _aCINE ARGENTINO
653 _aDOCUMENTALES
653 _aDVD
653 _aVIDEOS
700 1 _aIrigoyen, Andrés
_edir.
700 1 _aJaschek, Ingrid
700 1 _aMignogna, Eduardo
_edir.
700 1 _aSpinelli, Pablo
_edir.
905 _a39874
942 _cDVD
999 _c53608
_d53608